书目信息 |
| 题名: |
西厢记
|
|
| 作者: | 王实甫 著 | |
| 分册: | ||
| 出版信息: | 北京 人民文学出版社 1994.12 |
|
| 页数: | 372页 | |
| 开本: | 32开 | |
| 丛书名: | ||
| 单 册: | ||
| 中图分类: | I237.1 | |
| 科图分类: | ||
| 主题词: | 戏剧文学--剧本--中国 | |
| 电子资源: | ||
| ISBN: | 7-02-001989-7 | |
| 000 | 00529nam0 2200193 45 | |
| 001 | 0010221511 | |
| 005 | 20001022153857.7 | |
| 010 | @a7-02-001989-7@d19.80元 | |
| 100 | @a20001022d1994 km y0chiy0120 ea | |
| 101 | 0 | @achi |
| 105 | @a z 000yy | |
| 200 | 1 | @a西厢记@AXi Xiang Ji@f王实甫著@FWang Shi Fu Zhu |
| 210 | @a北京@c人民文学出版社@d1994.12 | |
| 215 | @a372页@d32开 | |
| 606 | 0 | @a戏剧文学@x剧本@x中国 |
| 690 | @aI237.1@v3 | |
| 701 | 0 | @a王实甫@4著 |
| 801 | @aCN@bPftUser@c20001022 | |
| 905 | @b182513-517@dI237.1@eW695@f5 | |
| 西厢记/王实甫著.-北京:人民文学出版社,1994.12 |
| 372页;32开 |
| ISBN 7-02-001989-7:19.80元 |
| ● |
| 相关链接 |
|
|
|
正题名:西厢记
索取号:I237.1/W695
 
预约/预借
| 序号 | 登录号 | 条形码 | 馆藏地/架位号 | 状态 | 备注 |
| 1 | 182513 | 201825132 | 文学库108/108文学库 20排4列1层/ [索取号:I237.1/W695] | 在馆 | |
| 2 | 182514 | 201825141 | 文学库108/108文学库 20排4列1层/ [索取号:I237.1/W695] | 在馆 | |
| 3 | 182515 | 201825150 | 社科二线400B/108文学库 20排3列1层/ [索取号:I237.1/W695] | 在馆 | |
| 4 | 182516 | 201825169 | 文学库108/108文学库 20排4列1层/ [索取号:I237.1/W695] | 在馆 | |
| 5 | 182517 | 201825178 | 文学库108/108文学库 20排4列1层/ [索取号:I237.1/W695] | 在馆 |